BIBLIOTECA

SENCICO

Diseño computarizado de carreteras / (Registro nro. 1200)

Detalles MARC
000 -LEADER
fixed length control field 00876nam a2200277Ia 4500
003 - CONTROL NUMBER IDENTIFIER
control field PE SENCICO BE
005 - DATE AND TIME OF LATEST TRANSACTION
control field 20251020182503.0
008 - FIXED-LENGTH DATA ELEMENTS--GENERAL INFORMATION
fixed length control field 200515s9999 xx 000 0 und d
020 ## - INTERNATIONAL STANDARD BOOK NUMBER
International Standard Book Number 978-958-720-023-2
040 ## - CATALOGING SOURCE
Original cataloging agency PE SENCICO BE
Transcribing agency PE SENCICO BE
041 ## - LANGUAGE CODE
Language code of text/sound track or separate title spa
082 ## - DEWEY DECIMAL CLASSIFICATION NUMBER
Classification number 625.725
Item number A31
100 1# - MAIN ENTRY--PERSONAL NAME
Personal name Agudelo Ospina, John Jairo
9 (RLIN) 788
Relator term autor
245 10 - TITLE STATEMENT
Title Diseño computarizado de carreteras /
Statement of responsibility, etc. John Jairo Agudelo Ospina
250 ## - EDITION STATEMENT
Edition statement 1a ed.
260 ## - PUBLICATION, DISTRIBUTION, ETC.
Place of publication, distribution, etc. Medellín
Name of publisher, distributor, etc. Fondo Editorial Universidad EAFIT,
Date of publication, distribution, etc. 2008
300 ## - PHYSICAL DESCRIPTION
Extent 343 p. :
Other physical details il., diagrs.,
Dimensions 24 cm.
504 ## - BIBLIOGRAPHY, ETC. NOTE
Bibliography, etc. note Bibliografía: p. 343.
650 14 - SUBJECT ADDED ENTRY--TOPICAL TERM
Topical term or geographic name entry element Carreteras
9 (RLIN) 352
650 24 - SUBJECT ADDED ENTRY--TOPICAL TERM
Topical term or geographic name entry element Ingeniería de carreteras
9 (RLIN) 311
650 24 - SUBJECT ADDED ENTRY--TOPICAL TERM
Topical term or geographic name entry element Diseño asistido por computador
9 (RLIN) 218
650 24 - SUBJECT ADDED ENTRY--TOPICAL TERM
Topical term or geographic name entry element Diseño geométrico de carreteras
9 (RLIN) 220
650 24 - SUBJECT ADDED ENTRY--TOPICAL TERM
Topical term or geographic name entry element Construcción
9 (RLIN) 177
942 ## - ADDED ENTRY ELEMENTS (KOHA)
Koha item type Libros
Source of classification or shelving scheme Dewey Decimal Classification
Existencias
Fecha de la última vez que lo usaron Pago total Signatura topográfica completa Código de barras Precio efectivo desde Tipo de documento Estado perdido Estado dañado No es para préstamo Retirado Ubicación permanente Ubicación actual Fecha de adquisición Número de ingreso o de inventario Número de ejemplar Sistema de clasificación
15/05/2020   625.713.1/A31 Bib-Lima15051200 15/05/2020 Libros         Biblioteca Central Lima Biblioteca Central Lima 15/05/2020      
08/03/2023   625.725/A31/ej. 2   08/03/2023 Libros         Biblioteca Central Lima Biblioteca Central Lima 08/03/2023 16176 ej. 2 Dewey Decimal Classification